000 00933nam a22003137a 4500
003 CHAP
005 20220329140350.0
008 971013s1966 r 00010 d
010 _a50963
011 _a51935
035 _a56085
040 _cCHAP
082 _a634.982
_bW3 1966
100 0 0 _aWackerman, A. E.
_9120746
245 _aHarvesting timber crops
250 _a2 ed.
260 _aNew York :
_bMcGraw-Hill,
_c1966
300 _a540 p.
_b: ilus.
590 _aBATCH-UPD
_b10
_c20130110
_lUCH01
_h0323
590 _aBATCH-UPD
_b10
_c20130110
_lUCH01
_h1744
590 _aBATCH-UPD
_b10
_c20130409
_lUCH01
_h2356
590 _aBATCH-UPD
_b10
_c20130914
_lUCH01
_h0715
590 _aCONVERSION
_b10
_c20130109
_lUCH01
_h1328
650 1 4 _aBosques
_xExtracción.
_914174
700 0 _aHagenstein, W. D.
_952224
901 _aBK
942 _cLIBRO
949 _a634.982 W3 1966
_bBC
_cLIBRO
_d-122683
_eLIBRO
_h23920
_i56085
_si
_t157.00
999 _c50963
_d50963